| 000 | 00668nam a22001217a 4500 | ||
|---|---|---|---|
| 040 | _cRUA | ||
| 100 | _aKOY SREYNEATH កូយ ស្រីនាត | ||
| 245 | _aSTUDY ON LAND TRANSACTION IN SAMBOUR COMMUNE, TRAING DISTRICT, TAKEO PROVINCE សិក្សាពីផ្តេរកម្មសិទ្ធដីធ្លីដែលមានប័ណ្ណកម្មសិទ្ធិ នៅឃុំសំបួរ ស្រុកទ្រាំង ខេត្តតាកែវ | ||
| 260 |
_aPHNOM PENH _bRUA _c2023 |
||
| 300 |
_aX. 49P _bVIII. _c29CM |
||
| 856 | _uhttps://drive.google.com/file/d/1GUIHglPmkl9F_F3qqtgm_-_1DplCj5Fk/view?usp=sharing | ||
| 942 | _cLMA | ||
| 999 |
_c23176 _d23176 |
||